000 00723nam a22002057a 4500
008 250807b |||||||| |||| 00| 0 eng d
020 _a9780199645268
040 _aCUZ
_beng
_crda
_dCUZ
_erda
050 _aQA8.4ABS
245 _aAbstractionism:
_bEssays in philosophy of mathematics
_cedited by Philip A. Ebert and Marcus Rossberg
264 _aNew York
_bOxford University press
_c©2016
300 _aextent vi, 360pages
336 _atext
_btxt
337 _aunmediated
_bn
338 _2rdacarrier
500 _aincludes index
650 _aScience 
_a Mathematics
_aEpistemology of abstraction
942 _cOS
_i8.4ABS
_kQA
999 _c45294
_d45294